=LDR 00000nam 2200000 4500 =001 INLIS000000000023776 =005 20130612122415 =008 ***********************************Ind** =035 ##$$0010-061300000023776 =041 ##$$a Ind =082 ##$$a 028.5 =090 ##$$a 028.5, Kus a =100 ##$$a Kussunaryono =245 ##$$a Aku selalu di butuhkan manusia, Kussuaryono =260 ##$$a 1978 $b Surabaya =300 ##$$a 66 hlm, ilus, 21 cm =650 ##$$a Bacaan anak =850 ##$$a NBPNMAT